Κατάλογος Βιβλιοθηκών Mediterranean College

Economics / Principles and Policy (Record no. 5317)

MARC details
000 -LEADER
fixed length control field 01373cam a22002174a 4500
005 - ΗΜΕΡΟΜΗΝΙΑ ΚΑΙ ΩΡΑ ΤΕΛΕΥΤΑΙΑΣ ΕΝΗΜΕΡΩΣΗΣ
Πεδίο ελέγχου 20250605164209.0
008 - FIXED-LENGTH DATA ELEMENTS--GENERAL INFORMATION
Πεδίο ελέγχου σταθερού μήκους 250528s ||||||||||||||||||||||||d
035 ## - SYSTEM CONTROL NUMBER
System control number 20180
020 ## - ISBN
ISBN 155188550
040 ## - ΠΗΓΗ ΚΑΤΑΛΟΓΟΓΡΑΦΗΣΗΣ
Φορέας πρωτότυπης καταλογογράφησης MC Athens Campus Library
Γλώσσα καταλογογράφησης Ελληνικά, Μοντέρνα (1453-)
Modifying agency MC Athens Campus Library
Κανόνες περιγραφικής καταλογογράφησης AACR2
245 1# - ΤΙΤΛΟΣ ΚΑΙ ΔΗΛΩΣΗ ΥΠΕΥΘΥΝΟΤΗΤΑΣ
Τίτλος Economics / Principles and Policy
250 ## - EDITION STATEMENT
Edition statement 4th
260 ## - PUBLICATION, DISTRIBUTION, ETC.
Name of publisher, distributor, etc. Harcourt Brace Jovanovich, Publishers,
Date of publication, distribution, etc. 1988
300 ## - PHYSICAL DESCRIPTION
Extent 950
520 ## - SUMMARY, ETC.
Summary, etc. Peface, Getting Acquainted with Economics, What is Economics, The Use and Misuse of Graphs, Scarcity and Choice: The Economic Problem, Supply and Demand: An Initial Look, The Realm of Macroeconomics, Macroeconomics and Microeconomics, Macroeconomic Maladies: Unemployment and Inflation, Productivity and Progress and Prosperity, Aggregate Supply and Demand Analysis, Income and Spending: The Powerful Consumer, Demand-Side Equilibrium: Unemployment or Inflation?, Changes on the Demand Side: Multiplier Analysis, Supply-Side Equilibrium: Unemployment and Inflation?, Fiscal and Monetary Policy, The Unjited States in the World Economy, Essentials of Microeconomics: Consumers and Firms, The Market System: Virtues and Vices, The Government and the Economy, The Distribution of Income, Alternative Economic Systems, Glossary, Index.
700 1# - ΠΡΟΣΘΕΤΗ ΑΝΑΓΡΑΦΗ--ΦΥΣΙΚΟ ΠΡΟΣΩΠΟ
Personal name Baumol William J.
9 (RLIN) 4272
700 1# - ΠΡΟΣΘΕΤΗ ΑΝΑΓΡΑΦΗ--ΦΥΣΙΚΟ ΠΡΟΣΩΠΟ
Personal name Blinder Alan S.
9 (RLIN) 4273
942 ## - ADDED ENTRY ELEMENTS (KOHA)
Koha item type Books
Holdings
Τύπος τεκμηρίου Βιβλιοθήκη Τρέχουσα τοποθεσία Barcode Αριθμός εισαγωγής Ημερομηνία απόκτησης Ταξιθετικό σύμβολο Αριθμός αντιτύπου Κατάσταση απόσυρσης Κατάσταση χαμένου Κατάσταση κατεστραμμένου Μη δανεισμός Σύνολο δανεισμών Ημερομηνία τελευταίας εμφάνισης Η τιμή ισχύει από
Books MC Athens Campus Library MC Athens Campus Library 9780000053169 6425 05/06/2025 330.01 BAU 1           05/06/2025 05/06/2025

MC Athens Campus Library
Πατησίων 94 & Κοδριγκτώνος 13, 104 34
Πελλήνης 8 & Πατησίων 107, 112 51
Τ: +30 210 8899600

MC Thessaloniki Campus Library
Ίωνος Δραγούμη 21, 54625 | Ίωνος Δραγούμη 15, 54625
Τ: +30 2310 287779 – Τ: +30 2314 440300